[Event "Titled Tuesday intern op 16th Apr Late"]
[Site "Chess.com INT"]
[Date "2024.04.16"]
[Round "3"]
[White "Chigaev, Maksim"]
[Black "Barp, Alberto"]
[Result "1/2-1/2"]
[WhiteElo "2621"]
[BlackElo "2470"]
[PlyCount "124"]
[EventDate "2024.04.16"]
[EventType "swiss (blitz)"]
[EventRounds "11"]
[EventCountry "USA"]
[SourceTitle "CB17_2024"]
[SourceDate "2024.04.24"]
[SourceVersion "1"]
[SourceVersionDate "2024.04.24"]
[SourceQuality "1"]

1. e4 e5 2. Nf3 Nc6 3. d4 exd4 4. Nxd4 Bb4+ 5. c3 Be7 6. Bf4 d6 7. Nxc6 bxc6 8. Nd2 Nf6 9. Bd3 0-0 10. 0-0 Nd7 11. Re1 Bg5 12. Bg3 Re8 13. Nc4 Bh4 14. Qf3 Bxg3 15. Qxg3 Ne5 16. Rad1 Nxc4 17. Bxc4 Qf6 18. e5 dxe5 19. Rxe5 Bf5 20. Rxe8+ Rxe8 21. Qxc7 g6 22. h3 Re7 23. Qb8+ Kg7 24. Rd8 Re1+ 25. Kh2 Bxh3 26. Rg8+ Kh6 27. Qf8+ Kh5 28. Qxf7 Qxf7 29. Bxf7 Bf5 30. Bb3 Re2 31. Kg3 Rxb2 32. Rg7 Bc2 33. f4 Kh6 34. Rb7 Bxb3 35. axb3 Rc2 36. c4 a5 37. Kh3 a4 38. bxa4 Rxc4 39. g3 Rxa4 40. Rc7 Rc4 41. Kg4 c5 42. Kh3 Rc1 43. Kh4 Rh1+ 44. Kg4 Rc1 45. Kf3 Rf1+ 46. Kg2 Rc1 47. g4 g5 48. f5 Rc3 49. Kf2 c4 50. Kg2 Rc2+ 51. Kf3 Rc3+ 52. Ke4 Rg3 53. Ke5 Rxg4 54. f6 Rf4 55. Ke6 Kg6 56. Rg7+ Kh6 57. Rg8 c3 58. f7 c2 59. Rc8 Kg7 60. Rg8+ Kh6 61. Rc8 Kg7 62. Rg8+ Kh6 1/2-1/2

[Event "Titled Tuesday intern op 16th Apr Early"]
[Site "Chess.com INT"]
[Date "2024.04.16"]
[Round "9"]
[White "Finek, Vaclav"]
[Black "Barp, Alberto"]
[Result "1-0"]
[WhiteElo "2431"]
[BlackElo "2470"]
[PlyCount "103"]
[EventDate "2024.04.16"]
[EventType "swiss (blitz)"]
[EventRounds "11"]
[EventCountry "USA"]
[SourceTitle "CB17_2024"]
[SourceDate "2024.04.24"]
[SourceVersion "1"]
[SourceVersionDate "2024.04.24"]
[SourceQuality "1"]

1. d4 Nf6 2. c4 c6 3. Nc3 d5 4. cxd5 cxd5 5. Bf4 Nc6 6. Rc1 Qb6 7. e3 Bg4 8. f3 Bd7 9. Qd2 e6 10. Bd3 Nh5 11. Bg5 Bd6 12. Nge2 h6 13. Bh4 Rc8 14. 0-0 Ne7 15. Kh1 Nf6 16. e4 Bb4 17. e5 Nh7 18. a3 Bxc3 19. bxc3 Nf8 20. f4 Nfg6 21. Bf2 h5 22. Kg1 Qa5 23. Qb2 Rc7 24. g3 a6 25. h3 0-0 26. g4 hxg4 27. hxg4 Bb5 28. Bxg6 fxg6 29. Be1 Qa4 30. Rf2 Qc4 31. Ng3 Qd3 32. Kg2 Nc6 33. Rf3 Qc4 34. Bd2 Rcf7 35. Qb1 Ne7 36. Rh1 Qa4 37. Bc1 Bc4 38. Qb2 Qb5 39. Qd2 Rc8 40. Kg1 Qb3 41. Qh2 Kf8 42. Qh8+ Ng8 43. Qh7 Qd1+ 44. Kg2 Qc2+ 45. Kh3 Bd3 46. f5 gxf5 47. gxf5 exf5 48. e6 Rf6 49. Bg5 f4 50. Qh4 Rg6 51. Rxf4+ Ke8 52. Qh5 1-0

[Event "Titled Tuesday intern op 16th Apr Late"]
[Site "Chess.com INT"]
[Date "2024.04.16"]
[Round "6"]
[White "Sjugirov, Sanan"]
[Black "Barp, Alberto"]
[Result "1-0"]
[WhiteElo "2689"]
[BlackElo "2470"]
[PlyCount "71"]
[EventDate "2024.04.16"]
[EventType "swiss (blitz)"]
[EventRounds "11"]
[EventCountry "USA"]
[SourceTitle "CB17_2024"]
[SourceDate "2024.04.24"]
[SourceVersion "1"]
[SourceVersionDate "2024.04.24"]
[SourceQuality "1"]

1. e4 e5 2. Nf3 Nc6 3. Bb5 a6 4. Ba4 d6 5. 0-0 Bd7 6. c4 Bg4 7. d4 exd4 8. Bxc6+ bxc6 9. Qxd4 Bxf3 10. gxf3 Ne7 11. Nc3 c5 12. Qd3 Nc6 13. f4 Be7 14. Kh1 0-0 15. Rg1 Kh8 16. Nd5 Bf6 17. Nxf6 Qxf6 18. Bd2 Nd4 19. f5 Rae8 20. Bc3 Qh4 21. f3 Qh5 22. Rg3 f6 23. Bxd4 cxd4 24. Qxd4 Re5 25. Rag1 Rf7 26. b4 Rd7 27. Qa7 a5 28. bxa5 Qe8 29. a6 Ra5 30. Qb7 c5 31. Rxg7 Rxb7 32. axb7 Rxa2 33. Rg8+ Qxg8 34. Rxg8+ Kxg8 35. b8Q+ Kg7 36. Qxd6 1-0

[Event "Titled Tuesday intern op 02nd Apr Early"]
[Site "Chess.com INT"]
[Date "2024.04.02"]
[Round "4"]
[White "Barp, Alberto"]
[Black "Mesquita, Eduardo Barbosa"]
[Result "1-0"]
[WhiteElo "2470"]
[BlackElo "1969"]
[PlyCount "155"]
[EventDate "2024.04.02"]
[EventType "swiss (blitz)"]
[EventRounds "11"]
[EventCountry "USA"]
[SourceTitle "CB15_2024"]
[SourceDate "2024.04.10"]
[SourceVersion "1"]
[SourceVersionDate "2024.04.10"]
[SourceQuality "1"]

1. Nf3 d5 2. e3 Nf6 3. c4 e6 4. Nc3 a6 5. b3 Bb4 6. Bb2 0-0 7. a3 Be7 8. d4 dxc4 9. bxc4 c5 10. Be2 cxd4 11. exd4 Nc6 12. 0-0 Bd6 13. Qd3 Bf4 14. Rad1 Bh6 15. d5 exd5 16. Nxd5 Nxd5 17. cxd5 Nb8 18. d6 Bd7 19. Ne5 Nc6 20. Nxd7 Qxd7 21. Bf3 Rfe8 22. Qb3 Re6 23. Bg4 Rae8 24. Bxe6 Rxe6 25. Rfe1 g6 26. Rxe6 fxe6 27. Re1 Kf7 28. Qf3+ Ke8 29. Qf6 Nd8 30. Qh8+ Bf8 31. Bf6 Nf7 32. Qxh7 Qxd6 33. Qxg6 Qd5 34. Bh4 e5 35. h3 Bxa3 36. Bg3 Bd6 37. Qg8+ Kd7 38. Qg4+ Kc7 39. Rd1 Qb3 40. Rc1+ Kb8 41. Qc8+ Ka7 42. f3 a5 43. Bf2+ Ka6 44. Qa8+ Kb5 45. Qxb7+ Ka4 46. Ra1+ Ba3 47. Qc6+ Qb5 48. Qc2+ Qb3 49. Qe4+ Kb5 50. Rb1 Bb2 51. Qe2+ Kc6 52. Rxb2 Qa3 53. Rc2+ Kd7 54. Qd2+ Ke6 55. Qe2 a4 56. Qc4+ Kf6 57. Ra2 Qd6 58. Rxa4 Kg7 59. Ra6 Qd1+ 60. Kh2 Qe2 61. Qg4+ Kf8 62. Ra8+ Ke7 63. Ra7+ Kf6 64. Bh4+ Ng5 65. Bxg5+ Kg6 66. Bf4+ Kf6 67. Qg5+ Ke6 68. Re7+ Kd5 69. Qxe5+ Kc6 70. Qxe2 Kd5 71. Qd3+ Kc5 72. Rc7+ Kb6 73. Qb1+ Ka6 74. Qb7+ Ka5 75. Bd2+ Ka4 76. Rc4+ Ka3 77. Qb4+ Ka2 78. Rc2+ 1-0

[Event "Titled Tuesday intern op 02nd Apr Early"]
[Site "Chess.com INT"]
[Date "2024.04.02"]
[Round "5"]
[White "Martins, Vinicius Tine"]
[Black "Barp, Alberto"]
[Result "0-1"]
[WhiteElo "2263"]
[BlackElo "2470"]
[PlyCount "82"]
[EventDate "2024.04.02"]
[EventType "swiss (blitz)"]
[EventRounds "11"]
[EventCountry "USA"]
[SourceTitle "CB15_2024"]
[SourceDate "2024.04.10"]
[SourceVersion "1"]
[SourceVersionDate "2024.04.10"]
[SourceQuality "1"]

1. d4 Nf6 2. Nf3 e6 3. Bf4 c5 4. e3 cxd4 5. exd4 d6 6. Bd3 b6 7. 0-0 Bb7 8. Nbd2 Be7 9. c3 0-0 10. a4 a6 11. Qe2 Re8 12. Rfe1 Bf8 13. Nc4 Qc7 14. a5 b5 15. Nb6 Ra7 16. h3 Nd5 17. Nxd5 Bxd5 18. Bxh7+ Kxh7 19. Ng5+ Kg6 20. Qg4 f5 21. Qh4 Nc6 22. Re3 e5 23. Bh2 Be7 24. Rg3 f4 25. Rg4 Qc8 26. Qh7+ Kf6 27. Bxf4 Qf5 28. Ne4+ Bxe4 29. Qxg7+ Ke6 30. Bg3 Kd7 31. dxe5 dxe5 32. Re1 Bd5 33. Bh4 Kc8 34. Bxe7 Raxe7 35. Qg5 Qxg5 36. Rxg5 Rg8 37. Rxg8+ Bxg8 38. f3 Nxa5 39. Kf2 Nc4 40. g4 Nxb2 41. h4 Nd3+ 0-1

[Event "Cappelle op 40th"]
[Site "Cappelle la Grande"]
[Date "2024.03.04"]
[Round "3"]
[White "Barp, Alberto"]
[Black "Lucas, Arthur"]
[Result "1-0"]
[WhiteElo "2449"]
[BlackElo "2341"]
[PlyCount "81"]
[EventDate "2024.03.02"]
[EventType "swiss"]
[EventRounds "9"]
[EventCountry "FRA"]
[SourceTitle "CB11_2024"]
[SourceDate "2024.03.13"]
[SourceVersion "1"]
[SourceVersionDate "2024.03.13"]
[SourceQuality "1"]

1. d4 d5 2. c4 dxc4 3. Nf3 Nf6 4. e3 b5 5. a4 c6 6. b3 e6 7. bxc4 bxc4 8. Bxc4 Bb4+ 9. Bd2 c5 10. 0-0 0-0 11. Qe2 Nc6 12. Bb5 Bb7 13. Rc1 Na5 14. dxc5 Bxf3 15. gxf3 Nb3 16. Bxb4 Nxc1 17. Qc2 Nd5 18. Be1 Qg5+ 19. Kf1 Qxe3 20. Ra3 Qh6 21. Bd2 Qxh2 22. Bxc1 Nb4 23. Qc4 Rfd8 24. Bd2 a5 25. Ke2 Qe5+ 26. Re3 Qb2 27. Rb3 Qe5+ 28. Be3 Rac8 29. Nd2 Nd5 30. c6 Nxe3 31. Rxe3 Qb2 32. Qc3 Qa2 33. Rd3 Rxd3 34. Qxd3 Qb2 35. Qd6 Qc3 36. Nc4 Qc2+ 37. Qd2 Qf5 38. c7 Qc5 39. Qd8+ Qf8 40. Qd7 g6 41. Nd6 1-0

[Event "Cappelle op 40th"]
[Site "Cappelle la Grande"]
[Date "2024.03.04"]
[Round "4"]
[White "Nanjo, Ryosuke"]
[Black "Barp, Alberto"]
[Result "0-1"]
[WhiteElo "2346"]
[BlackElo "2449"]
[PlyCount "107"]
[EventDate "2024.03.02"]
[EventType "swiss"]
[EventRounds "9"]
[EventCountry "FRA"]
[SourceTitle "CB11_2024"]
[SourceDate "2024.03.13"]
[SourceVersion "1"]
[SourceVersionDate "2024.03.13"]
[SourceQuality "1"]

1. e4 e5 2. Nf3 Nc6 3. Bb5 a6 4. Ba4 Nf6 5. 0-0 b5 6. Bb3 Bc5 7. a4 Rb8 8. c3 d6 9. d4 Bb6 10. a5 Ba7 11. h3 Bb7 12. Be3 Nxe4 13. d5 Bxe3 14. dxc6 Nxf2 15. Qe2 Nxh3+ 16. Kh1 Nf2+ 17. Rxf2 Bxf2 18. Qxf2 Bxc6 19. Nxe5 Bxg2+ 20. Kg1 0-0 21. Nxf7 Qe7 22. Kxg2 Rxf7 23. Qxf7+ Qxf7 24. Bxf7+ Kxf7 25. Na3 b4 26. Nc2 bxc3 27. bxc3 Rb2 28. Rf1+ Ke8 29. Rf2 Ra2 30. Nd4 Rxa5 31. Ne6 Kd7 32. Nf8+ Ke7 33. Nxh7 Rh5 34. Re2+ Re5 35. Kf3 Rxe2 36. Kxe2 Ke6 37. Ng5+ Kf5 38. Nf3 c5 39. Nd2 Kf4 40. Nc4 d5 41. Nb6 Ke5 42. Kd3 c4+ 43. Ke3 a5 44. Na4 g5 45. Nb2 g4 46. Na4 Kd6 47. Nb2 Kc5 48. Nd1 g3 49. Kf3 a4 50. Kxg3 d4 51. cxd4+ Kxd4 52. Kf3 a3 53. Ke2 a2 54. Ne3 0-1

[Event "Titled Tuesday intern op 16th Jan Early"]
[Site "Chess.com INT"]
[Date "2024.01.16"]
[Round "1"]
[White "Barp, Alberto"]
[Black "De Souza, Cristiano Gomes"]
[Result "1-0"]
[WhiteElo "2437"]
[BlackElo "2018"]
[PlyCount "99"]
[EventDate "2024.01.16"]
[EventType "swiss (blitz)"]
[EventRounds "11"]
[EventCountry "USA"]
[SourceTitle "CB04_2024"]
[SourceDate "2023.10.16"]
[SourceVersion "1"]
[SourceVersionDate "2023.10.16"]
[SourceQuality "1"]

1. d4 Nf6 2. Nf3 g6 3. Nc3 Bg7 4. e4 d6 5. h3 0-0 6. Bd3 c6 7. 0-0 Nbd7 8. e5 Nd5 9. Nxd5 cxd5 10. exd6 exd6 11. c3 Nf6 12. Qb3 b6 13. Re1 Be6 14. Qc2 Re8 15. Bf4 Bf8 16. Re2 Qc7 17. Rae1 Bd7 18. Bg5 Bg7 19. Rxe8+ Rxe8 20. Rxe8+ Bxe8 21. Qe2 Bc6 22. Nd2 Qd7 23. f3 h6 24. Bh4 g5 25. Bg3 Nh5 26. Bh2 Qe6 27. Qxe6 fxe6 28. Bxd6 Kf7 29. g3 Nf6 30. Kf2 h5 31. Be5 Nd7 32. Bxg7 Kxg7 33. Ke3 Kf6 34. f4 gxf4+ 35. gxf4 Nf8 36. Nf3 Be8 37. Ne5 Nd7 38. Bb5 Ke7 39. Nc6+ Kd6 40. Nxa7 Bg6 41. Nc8+ Kc7 42. Bxd7 Bf5 43. Ne7 Kxd7 44. Nxf5 exf5 45. Kd3 b5 46. b3 h4 47. c4 Kc6 48. Kc3 dxc4 49. bxc4 bxc4 50. Kxc4 1-0

[Event "Titled Tuesday intern op 16th Jan Late"]
[Site "Chess.com INT"]
[Date "2024.01.16"]
[Round "4"]
[White "Cruz, William Ferreira Da"]
[Black "Barp, Alberto"]
[Result "1-0"]
[WhiteElo "2216"]
[BlackElo "2437"]
[PlyCount "97"]
[EventDate "2024.01.16"]
[EventType "swiss (blitz)"]
[EventRounds "11"]
[EventCountry "USA"]
[SourceTitle "CB04_2024"]
[SourceDate "2023.10.16"]
[SourceVersion "1"]
[SourceVersionDate "2023.10.16"]
[SourceQuality "1"]

1. d4 Nf6 2. c4 e6 3. Nc3 c5 4. d5 exd5 5. cxd5 d6 6. Nf3 g6 7. h3 Qe7 8. Bg5 h6 9. Bh4 a6 10. a4 Nbd7 11. e3 Bg7 12. Nd2 0-0 13. Be2 Ne5 14. 0-0 g5 15. Bg3 Ng6 16. Nc4 Ne8 17. e4 Bd7 18. a5 Rd8 19. Re1 Ne5 20. Nxe5 Bxe5 21. Bxe5 Qxe5 22. Bg4 Nf6 23. Bxd7 Rxd7 24. Re3 Re8 25. Qc2 h5 26. Rae1 Rde7 27. f3 h4 28. Qf2 Nh5 29. Ne2 f5 30. Nc1 Qd4 31. Ne2 Qb4 32. Nc3 f4 33. R3e2 Qxa5 34. e5 Rxe5 35. Rxe5 Rxe5 36. Rxe5 dxe5 37. Qc2 Qd8 38. Qf5 Qe7 39. Qd3 Nf6 40. d6 Qf7 41. Ne4 Nxe4 42. fxe4 Qd7 43. Qd5+ Kh7 44. Qxe5 Kg6 45. Qd5 b6 46. e5 Qa4 47. d7 Qa1+ 48. Kh2 Qe1 49. Qd3+ 1-0

[Event "Torino op 53rd"]
[Site "Torino"]
[Date "2024.01.06"]
[Round "8"]
[White "Maldonado Gonzales, Stefano"]
[Black "Barp, Alberto"]
[Result "0-1"]
[WhiteElo "2166"]
[BlackElo "2437"]
[PlyCount "146"]
[EventDate "2024.01.02"]
[EventType "swiss"]
[EventRounds "9"]
[EventCountry "ITA"]
[SourceTitle "CB02_2024"]
[SourceDate "2024.01.10"]
[SourceVersion "1"]
[SourceVersionDate "2024.01.10"]
[SourceQuality "1"]

1. e4 e5 2. Nf3 Nc6 3. Bc4 Nf6 4. d3 Bc5 5. 0-0 d6 6. c3 a5 7. Re1 0-0 8. h3 Be6 9. Bb5 Ba7 10. Be3 Bxe3 11. Rxe3 Ne7 12. d4 Ng6 13. a4 c6 14. Bf1 Qb6 15. Qc2 Rfe8 16. Nbd2 Rad8 17. Rd1 h6 18. Ree1 exd4 19. cxd4 d5 20. e5 Ne4 21. Bd3 Qb4 22. Ra1 Nxd2 23. Qxd2 Qxd2 24. Nxd2 Nf4 25. Bf1 f6 26. exf6 gxf6 27. Kh2 Bd7 28. b4 Rxe1 29. Rxe1 Ne6 30. Nf3 axb4 31. Rb1 c5 32. dxc5 Bxa4 33. Rxb4 Nxc5 34. Nd4 Bd7 35. Bb5 Kf7 36. g4 Kg6 37. f3 h5 38. Kg3 hxg4 39. hxg4 Kf7 40. Kf4 Ra8 41. g5 fxg5+ 42. Kxg5 Bc8 43. Be2 Ra2 44. Bd1 Rd2 45. Bb3 Rxd4 46. Rxd4 Ne6+ 47. Kh6 Nxd4 48. Bxd5+ Kf6 49. Bxb7 Bxb7 50. Kh7 Nf5 51. Kh8 Nh6 52. f4 Nf7+ 53. Kh7 Be4+ 54. f5 Bxf5+ 55. Kg8 Be4 56. Kf8 Bh7 57. Ke8 Ne5 58. Kd8 Ke6 59. Kc7 Nd7 60. Kc6 Bd3 61. Kc7 Be4 62. Kd8 Kd6 63. Ke8 Bg6+ 64. Kd8 Bh5 65. Kc8 Nc5 66. Kd8 Nb7+ 67. Kc8 Kc6 68. Kb8 Kb6 69. Kc8 Bg4+ 70. Kb8 Na5 71. Ka8 Bc8 72. Kb8 Ba6 73. Ka8 Bb7+ 0-1